000
00320nam a2200121 a 4500
005
20141022142001.0
008
100828s19uu xx 00 eng d
050
_a
VHS
_b
UN2 2002
245
_a
Understanding by design :
_b
What is understanding?.
650
_a
VHS-EDUC
650
_a
What is understanding?
942
_c
AVM
999
_c
276242
_d
276242